• 首页
  • 本馆介绍
  • 公告通知
  • 最新文献
  • 馆藏检索
  • 电子资源
  • 读者导购
  • 参考咨询
  • 我的图书馆
  • 登录
  • 详细信息显示
  • 放入我的书架
  • 预约/预借图书
  • 作者相关作品
  • 分类相关作品
  • 丛书相关作品
  • 出版社相关作品

书目信息

  • 表格格式
  • 工作单格式
  • 卡片格式
题名:
图书馆采访理论与实践
    
 
作者: 万跃华 , 张根彬 主编
分册:  
出版信息: 北京   书目文献出版社  1994.1
页数: 280页
开本: 26cm
丛书名:
单 册:
中图分类: G253.1-53
科图分类:
主题词: 图书采购--文集
电子资源:
ISBN: 7-5013-1137-4
000 00984nam0 2200277 45
001 0195000145
005 20070728162341.71
010    @a7-5013-1137-4@dCNY25.00
100    @a19931215d1994 em y0chiy0121 ea
101 0  @achi
102    @aCN@b110000
105    @ay z 000yy
200 10 @a图书馆采访理论与实践@ATU SHU GUAN CAI FANG LI LUN YU SHI JIAN@f万跃华,张根彬主编@FWAN YUE HUA , ZHANG GEN BIN ZHU BIAN
210    @a北京@c书目文献出版社@d1994.1
215    @a280页@d26cm
300    @a英文题名:Theory and practice of library acquisition
314    @a万跃华,浙江工业大学图书馆任职
330    @a收《论藏书采选》、《馆藏文献建设规划的制定》、《图书采访馆员素质浅论》等57篇论文。
510 1  @aTheory and practice of library acquisition@zeng
540 1  @a采访@ACAI FANG
606    @a图书采购@x文集
690    @aG253.1-53@v4
701  0 @a万跃华@AWAN YUE HUA@4主编
701  0 @a张根彬@AZHANG GEN BIN@4主编
801  0 @aCN@bTSSF@c20070728
905    @a10447@dG253.1-53@e106
    
    图书馆采访理论与实践/万跃华,张根彬主编.-北京:书目文献出版社,1994.1
    280页;26cm
    英文题名:Theory and practice of library acquisition
    
    ISBN 7-5013-1137-4:CNY25.00
    收《论藏书采选》、《馆藏文献建设规划的制定》、《图书采访馆员素质浅论》等57篇论文。
●
相关链接 在E读中查询图书 在五车中查询图书 在当当中查询图书 在豆瓣中查询图书


正题名:图书馆采访理论与实践     索取号:G253.1-53/106         预约/预借

序号 登录号 条形码 馆藏地/架位号 状态 备注
1 0784487   207844877   第四借阅区/ [索取号:G253.1-53/106] 在馆    
唐山师范学院图书馆 欢迎您!
大连网信软件有限公司© 版权所有